Sobre la construcción judicial del mobbing (Registro nro. 49301)
[ vista simple ]
| 000 -CABECERA | |
|---|---|
| Longitud fija campo de control | 01064naa a2200289 c 4500 |
| 001 - NÚMERO DE CONTROL | |
| Número de control | 49301 |
| 003 - IDENTIFICADOR DE NÚMERO DE CONTROL | |
| Identificador del número de control | ES-MaCES |
| 005 - FECHA Y HORA DE LA ÚLTIMA TRANSACCIÓN | |
| Fecha y hora de la última transacción | 20170427142030.0 |
| 008 - CAMPO FIJO DE DESCRIPCIÓN FIJA--INFORMACIÓN GENERAL | |
| Códigos de información de longitud fija | 170427s2017 sp ||||| t||||||| ||spa d |
| 040 ## - FUENTE DE CATALOGACIÓN | |
| Centro catalogador de origen | ES-MaCES |
| Lengua de catalogación | spa |
| Centro transcriptor | ES-MaCES |
| Centro modificado | ES-MaCES |
| 100 1# - ENCABEZAMIENTO PRINCIPAL--NOMBRE PERSONAL | |
| 9 (RLIN) | 38125 |
| Nombre de persona | Ángel Quiroga, Macarena |
| 245 10 - MENCIÓN DE TÍTULO | |
| Título | Sobre la construcción judicial del mobbing |
| Mención de responsabilidad, etc. | Macarena Ángel Quiroga |
| 500 ## - NOTA GENERAL | |
| Nota general | Resumen |
| 650 #4 - ASIENTO SECUNDARIO DE MATERIA--TÉRMINO DE MATERIA | |
| 9 (RLIN) | 30708 |
| Término de materia o nombre geográfico como elemento inicial | acoso laboral |
| 650 #4 - ASIENTO SECUNDARIO DE MATERIA--TÉRMINO DE MATERIA | |
| 9 (RLIN) | 28347 |
| Término de materia o nombre geográfico como elemento inicial | salud en el trabajo |
| 650 #4 - ASIENTO SECUNDARIO DE MATERIA--TÉRMINO DE MATERIA | |
| 9 (RLIN) | 28344 |
| Término de materia o nombre geográfico como elemento inicial | tensión psicológica |
| 650 #4 - ASIENTO SECUNDARIO DE MATERIA--TÉRMINO DE MATERIA | |
| 9 (RLIN) | 29086 |
| Término de materia o nombre geográfico como elemento inicial | ambiente de trabajo |
| 650 #4 - ASIENTO SECUNDARIO DE MATERIA--TÉRMINO DE MATERIA | |
| 9 (RLIN) | 28327 |
| Término de materia o nombre geográfico como elemento inicial | condiciones de trabajo |
| 650 #4 - ASIENTO SECUNDARIO DE MATERIA--TÉRMINO DE MATERIA | |
| 9 (RLIN) | 28367 |
| Término de materia o nombre geográfico como elemento inicial | conflicto de trabajo |
| 650 #4 - ASIENTO SECUNDARIO DE MATERIA--TÉRMINO DE MATERIA | |
| 9 (RLIN) | 27165 |
| Término de materia o nombre geográfico como elemento inicial | derecho del trabajo |
| 650 #4 - ASIENTO SECUNDARIO DE MATERIA--TÉRMINO DE MATERIA | |
| 9 (RLIN) | 27164 |
| Término de materia o nombre geográfico como elemento inicial | tribunal del trabajo |
| 650 #4 - ASIENTO SECUNDARIO DE MATERIA--TÉRMINO DE MATERIA | |
| 9 (RLIN) | 28624 |
| Término de materia o nombre geográfico como elemento inicial | jurisprudencia |
| 653 10 - TÉRMINO DE INDEXACIÓN--NO CONTROLADO | |
| Término no controlado | Relaciones laborales-Empleo |
| 773 0# - ENTRADA DE DOCUMENTO FUENTE | |
| Itemnumber del ítem fuente | 85808 |
| Lugar, editor y fecha de publicación | Madrid Lefebvre El Derecho 2015- |
| Otro identificador del documento | 088706 |
| Título | Derecho de las relaciones laborales |
| Número de control del registro relacionado | (ES-MaCES)46200 |
| Parte(s) relacionada(s) | n. 1 (en. 2017) {55/1131 R. 088706} ;p. 61-75 |
| 902 ## - CES. TIPO DE DOCUMENTO | |
| Tipodoc (006$c Sirtex) | ART Artículo de revista |
| 942 ## - ELEMENTOS KOHA | |
| Fuente de clasificaión o esquema | Clasificación propia del CES |
| Koha [por defecto] tipo de item | Artículos (1982-2017) |
| Parte de clasificación | Relaciones Laborales y Rel. Lab.- Empleo |
No hay ítems disponibles.
